| Tag |
First Indicator |
Second Indicator |
Subfields |
| LEADER |
00000cam a2200000Ii 4500 |
| 001 |
in00004037101 |
| 005 |
20190422100059.0 |
| 008 |
181024t20182018enka b 001 0 eng d |
| 020 |
|
|
|a 9781527511668
|q hardcover
|
| 020 |
|
|
|a 1527511669
|q hardcover
|
| 035 |
|
|
|a (OCoLC)on1040619175
|
| 040 |
|
|
|a YDX
|e rda
|c YDX
|d COO
|d BWK
|d UtOrBLW
|
| 043 |
|
|
|a a-ii---
|
| 049 |
|
|
|a TXAM
|
| 050 |
|
4 |
|a PE1068.I4
|b T37 2018
|
| 082 |
0 |
|
|a 428.0071/054
|2 23
|
| 100 |
1 |
|
|a Tasildar, Ravindra Baburao,
|e author.
|0 http://id.loc.gov/authorities/names/no2019000699
|
| 245 |
1 |
0 |
|a English studies in Indian universities :
|b the present scenario /
|c by Ravindra Baburao Tasildar.
|
| 264 |
|
1 |
|a Newcastle upon Tyne, UK :
|b Cambridge Scholars Publishing,
|c [2018]
|
| 264 |
|
4 |
|c ©2018
|
| 300 |
|
|
|a xvi, 344 pages ;
|c 22 cm.
|
| 336 |
|
|
|a text
|b txt
|2 rdacontent
|
| 337 |
|
|
|a unmediated
|b n
|2 rdamedia
|
| 338 |
|
|
|a volume
|b nc
|2 rdacarrier
|
| 504 |
|
|
|a Includes bibliographical references (pages [332]-342) and index.
|
| 650 |
|
0 |
|a English language
|x Study and teaching (Higher)
|z India
|x Foreign speakers.
|
| 650 |
|
0 |
|a Education, Higher
|x Curricula
|z India.
|
| 945 |
|
|
|b 818681
|
| 947 |
|
|
|a A14850554008
|
| 948 |
|
|
|a cataloged
|b h
|c 2018/12/17
|d c
|e dmitchel
|f 9:50:30 am
|
| 994 |
|
|
|a 92
|b TXA
|
| 999 |
f |
f |
|s cc6a71c2-7a81-3dd0-a6a9-3822b0a75271
|i c927e1f5-ae16-3feb-bfba-f6a6d07fbea0
|t 0
|
| 952 |
f |
f |
|p normal
|a Texas A&M University
|b College Station
|c Sterling C. Evans Library
|d Evans: Library Stacks
|t 0
|e PE1068.I4 T37 2018
|h Library of Congress classification
|i unmediated -- volume
|m A14850554008
|
| 998 |
f |
f |
|a PE1068.I4 T37 2018
|t 0
|l Evans: Library Stacks
|